Using Microsoft works effectively. (Record no. 16437)

000 -LEADER
fixed length control field 00434nam a2200157 a 4500
020 ## - INTERNATIONAL STANDARD BOOK NUMBER
ISBN 0697171434
040 ## - CATALOGING SOURCE
Transcribing agency DLC
082 00 - DEWEY DECIMAL CLASSIFICATION NUMBER
Classification number 005 BUS 1993 A003 Or.
100 1# - MAIN ENTRY--AUTHOR NAME
Personal name Ross, Paul W.,
245 10 - TITLE STATEMENT
Title Using Microsoft works effectively.
260 ## - PUBLICATION, DISTRIBUTION, ETC. (IMPRINT)
Place of publication [Dubuque? IA] :
Name of publisher Business and Educational Technologies,
Year of publication c1993.
300 ## - PHYSICAL DESCRIPTION
Number of Pages x, 277 p. :
Other physical details ill. ;
Dimensions 28 cm.
500 ## - GENERAL NOTE
General note Includes index.
650 #0 - SUBJECT ADDED ENTRY--TOPICAL TERM
Topical Term Integrated software.
942 ## - ADDED ENTRY ELEMENTS (KOHA)
Koha item type សៀវភៅភាសាអង់គ្លេស
952 ## - LOCATION AND ITEM INFORMATION (KOHA)
Withdrawn status [LOCAL, KOHA] 0
Holdings
Permanent Location Date acquired Koha item type Lost status Shelving location Barcode Current Location Full call number
Library Block A2018-02-21សៀវភៅភាសាអង់គ្លេស A003A20626Library Block A005 BUS 1993 A003 Or.
មជ្ឈមណ្ឌលឯការនៃសាកលវិទ្យាល័យភូមិន្ទកសិកម្មចំការដូង

Powered by Koha